| 000 | 00709cab a2200229 4500 | ||
|---|---|---|---|
| 001 | ABS37458 | ||
| 008 | 090401t1987 xxu||||| |||| 00| 0 eng d | ||
| 035 | _a(Sirsi) u4665 | ||
| 041 | _aeng | ||
| 100 | _aWilks, H. | ||
| 245 | 4 | _aThe history of rating | |
| 260 | _c1987 | ||
| 350 | _a0 | ||
| 490 |
_aValuer (ISVA) _vMarch 1987, 63 (1) |
||
| 520 | _aIn the light of proposals to review the rating system, this short article traces the history of rating from the seventeenth century to the present day. | ||
| 650 | _aPAROCHIAL ASSESSMENT ACT 1836 | ||
| 650 | _aPOOR RELIEF ACT 1601 | ||
| 650 | _aRATING AND VALUATION ACT 1925 | ||
| 690 | _aRATING AND VALUATION | ||
| 942 | _n0 | ||
| 948 | _c04/03/1997 | ||
| 999 |
_c2826 _d2826 |
||